000 00548nam a2200229Ia 4500
003 OSt
005 20221005123604.0
006 a|||||r|||| 00| 0
007 ta
008 221004b |||||||| |||| 00| 0 eng d
024 _a60090
037 _cTextual
040 _aCRL
_cCRL
_beng
041 _2eng
_aeng
082 _aV2:4wM50, G6
100 _aHodges Arthur
_9633874
245 0 _aLord Kitchener
260 _c1936
650 _aHISTORY
942 _hV2:4wM50, G6
_cTEXL
_2cc
999 _c1047862
_d1047862